000 00827nam a22002297a 4500
999 _c8044
_d8044
003 AR-CdUCM
008 190322b ||||| |||| 00| 0 spa d
020 _a84-7146-114-5
040 _aMUNICIPALIDAD PROVINCIAL DEL CUSCO
_cBIBLIOTECA MUNICIPAL DEL CUSCO
082 _a551.49 /
_bP58
100 _aPimienta, Jean
_922733
245 _aLa captación de aguas subterráneas /
260 _aBarcelona :
_bGersa,
_c1973.
300 _a202 páginas ;
_c26 cm.
505 _aContenido : Primera parte : Reglas generales para la implantación de de captaciones -- Segunda parte : Detección de la zona de saturación -- Tercera parte : Las obras de captación ...
650 _aAgua
_919441
650 _aCaptación
_922734
650 _aSubterránea
_922735
650 _aTécnicas
_9975
942 _2ddc
_cLIBROS
945 _arah